|
|
|
|
| LEADER |
00000naa2a2200000 4500 |
| 001 |
625102 |
| 005 |
20231101133339.0 |
| 035 |
|
|
|a (RuTPU)RU\TPU\conf\24362
|
| 035 |
|
|
|a RU\TPU\conf\24356
|
| 090 |
|
|
|a 625102
|
| 100 |
|
|
|a 20171206d2017 k y0rusy50 ca
|
| 101 |
0 |
|
|a rus
|
| 102 |
|
|
|a RU
|
| 105 |
|
|
|a y z 100zy
|
| 135 |
|
|
|a drgn ---uucaa
|
| 181 |
|
0 |
|a i
|
| 182 |
|
0 |
|a b
|
| 200 |
1 |
|
|a Сравнение влияния поверхностно-активных веществ на электрофлотационное извлечение лантана и скандия
|f Е. Н. Гайдуков, А. В. Колесников
|g науч. рук. А. В. Колесников
|
| 203 |
|
|
|a Текст
|c электронный
|
| 225 |
1 |
|
|a Комплексное использование минерального сырья
|
| 230 |
|
|
|a 1 компьютерный файл (pdf; 390 Kb)
|
| 300 |
|
|
|a Заглавие с экрана
|
| 320 |
|
|
|a [Библиогр.: с. 382 (8 назв.)]
|
| 461 |
|
1 |
|0 (RuTPU)RU\TPU\conf\21932
|t Проблемы геологии и освоения недр
|o труды XXI Международного симпозиума имени академика М. А. Усова студентов и молодых ученых, посвященного 130-летию со дня рождения профессора М. И. Кучина, Томск, 3-7 апреля 2017 г.
|o в 2 т.
|f Национальный исследовательский Томский политехнический университет (ТПУ), Институт природных ресурсов (ИПР) ; под ред. А. С. Боева
|d 2017
|
| 463 |
|
1 |
|0 (RuTPU)RU\TPU\conf\21938
|t Т. 2
|v [С. 381-382]
|d 2017
|
| 610 |
1 |
|
|a электронный ресурс
|
| 610 |
1 |
|
|a поверхностно-активные вещества
|
| 610 |
1 |
|
|a извлечение
|
| 610 |
1 |
|
|a лантан
|
| 610 |
1 |
|
|a скандий
|
| 610 |
1 |
|
|a редкоземельные элементы
|
| 610 |
1 |
|
|a электрофлотация
|
| 700 |
|
1 |
|a Гайдуков
|b Е. Н.
|
| 701 |
|
1 |
|a Колесников
|b А. В.
|
| 702 |
|
1 |
|a Колесников
|b А. В.
|4 727
|
| 712 |
0 |
2 |
|a Российский химико-технологический университет им. Д. И. Менделеева (РХТУ)
|c (Москва)
|2 stltpush
|3 (RuTPU)RU\TPU\col\55
|
| 801 |
|
2 |
|a RU
|b 63413507
|c 20171212
|g RCR
|
| 856 |
4 |
|
|u http://earchive.tpu.ru/handle/11683/45081
|
| 942 |
|
|
|c BK
|